| 000 | 00627cam a2200205 a 4500 | ||
|---|---|---|---|
| 001 | 000000927 | ||
| 005 | 20200929145438.0 | ||
| 008 | 711222s1971 xxc 000 1 eng d | ||
| 020 | _a0070929319 | ||
| 040 |
_aDO-SdBNP _cDLC _dDLC _dBNPHU |
||
| 082 |
_a813.52 _bG234v |
||
| 100 | 1 |
_aGarner, Hugh, _d1913-1979 _93272 |
|
| 245 | 1 | 0 |
_aViolation of the virgins and other stories / _cHugh Garner. |
| 260 |
_aToronto ; _aNew York, : _bMcGraw-Hill Ryerson, _c1971. |
||
| 300 |
_a259 p. ; _c22 cm. |
||
| 650 | 4 |
_aNovela estadounidense _9262 |
|
| 650 | 4 |
_aLiteratura estadounidense _9263 |
|
| 910 | _aCatalogación derivada | ||
| 049 | _aBNGR | ||
| 999 |
_c918 _d918 |
||